| 000 | 02151cam0 2200553 ib4500 | ||
|---|---|---|---|
| 001 | BY-HO0009-br179644 | ||
| 005 | 20260320123240.0 | ||
| 010 |
^a978-5-00033-003-6 ^bАлфея |
||
| 010 |
^a978-5-91282-383-1 Леда ^bв переплете ^d3.5 р. |
||
| 100 | ^a20150129d2013 b y0rusy50 ca | ||
| 101 | 0 | ^arus | |
| 102 | ^aRU | ||
| 105 | ^aa z 000oy | ||
| 109 | ^ama | ||
| 200 | 1 |
^aЛюбимые сказки ^e[для дошкольного возраста ^fхудожники: Е. Целуева, Е. Леднева] |
|
| 210 |
^aСмоленск ^cЛеда ^cАлфея ^d2013 |
||
| 215 |
^a31 с. ^cцв. ил. ^d26 см |
||
| 225 | 1 | ^aДетям в подарок | |
| 333 | ^a6+ | ||
| 345 | ^911 000 экз. | ||
| 464 | 0 |
^12001 ^aМаша и медведь |
|
| 464 | 0 |
^12001 ^aМорозко |
|
| 464 | 0 |
^12001 ^aКот в сапогах |
|
| 464 | 0 |
^12001 ^aПо щучьему веленью |
|
| 464 | 0 |
^12001 ^aКрасная шапочка |
|
| 464 | 0 |
^12001 ^aГуси-лебеди |
|
| 464 | 0 |
^12001 ^aДвенадцать месяцев |
|
| 606 |
^aРУССКАЯ ЛИТЕРАТУРА ^3BY-NLB-ar28702 ^2DVNLB |
||
| 606 |
^a21 ВЕК ^3BY-NLB-ar766 ^2DVNLB |
||
| 608 |
^aДЕТСКАЯ ЛИТЕРАТУРА (лит. произведение) ^3BY-NLB-ar9019 ^2BYGNR |
||
| 686 |
^a84.2(0) ^2rubbk |
||
| 690 |
^a1 ^2Base ^9BY-MI0010 ^xRSEK |
||
| 702 | 1 |
^aЦелуева ^bЕ. К. ^gЕлена К. ^cхудожница ^3BY-NLB-ar2728341 |
|
| 702 | 1 |
^aЛеднева ^bЕ. К. ^3BY-SEK-353823 |
|
| 801 | 0 |
^aBY ^bBY-MA0006 ^c20150129 ^gpsbo |
|
| 801 | 2 |
^aBY ^bBY-MA0006 ^c20150129 ^gRCR |
|
| 801 | 2 |
^aBY ^bBY-MI0010 ^c20260320 ^gRCR |
|
| 035 | ^a(BY-MI0010)BY-HO0009-br179644 | ||
| 899 | 0 |
^aBY-MI0010 ^iЛ93 ^h84.2(0) |
|